| 000 | 01305nam a2200301 i 4500 | ||
|---|---|---|---|
| 003 | EG-GICUC | ||
| 005 | 20260429102001.0 | ||
| 008 | 260429s1994 ua ||||f |||| 00| 0 ara d | ||
| 040 |
_a EG-GICUC _bara _c EG-GICUC _d EG-GICUC _erda |
||
| 041 | 0 | _aara | |
| 082 | 0 | 4 |
_221 _a341.8 _bع ك . إ |
| 092 | 0 | 4 | _221 |
| 099 | _aLaw1 12 341.8 ع ك . إ 1994 | ||
| 100 | 0 |
_aعكاشة محمد عبدالعال _eAuthor. |
|
| 245 | 1 | 2 |
_aالإجراءات المدنية والتجارية الدولية:. _b الاختصاص القضائي الدولي، القانون الواجب التطبيق على الإجراءات، تنفيذ الأحكام الأجنبية / _cتأليف عكاشة محمد عبدالعال . |
| 264 | 1 |
_aالقاهرة : _bالفتح للطباعة والنشر; _c1994. |
|
| 300 |
_a399 صفحة : _c24 سم _bإيضاحيات، صور، مثيليات ؛ |
||
| 336 |
_2rda content _atext |
||
| 337 |
_2rda media _aComputer |
||
| 338 |
_2rda carrier _aOnline Resource |
||
| 504 | _a. 240-220 ببليوجرافيا: صفحات. | ||
| 546 | _aالنص باللغة العربية | ||
| 650 | 0 | 4 |
_aالقانون الدولي الخاص _2qrmak |
| 651 | 1 | _2qrmak | |
| 856 | 4 | 0 | _uhttps://fll.law.cu.edu.eg/fulltext/bks/B12-01259.pdf |
| 905 | _a31 | ||
| 942 |
_2ddc _cBK _e21 _n0 |
||
| 999 |
_c74061 _d74061 |
||